[Event "POL-chT 2nd League"]
[Site "Jastrzebia Gora"]
[Date "2024.09.04"]
[Round "5.41"]
[White "Chmiel, Pawel"]
[Black "Pyrzewski, Kamil"]
[Result "1-0"]
[WhiteElo "1689"]
[BlackElo "1822"]
[PlyCount "165"]
[EventDate "2024.08.31"]
[EventType "team-swiss"]
[EventRounds "9"]
[EventCountry "POL"]
[SourceTitle "EXT 2025"]
[Source "ChessBase"]
[SourceDate "2024.10.14"]
[SourceVersion "1"]
[SourceVersionDate "2024.10.14"]
[SourceQuality "1"]
[WhiteTeam "Chroscice Victoria"]
[BlackTeam "Grudziadz Rotmistrz"]
[WhiteTeamCountry "POL"]
[BlackTeamCountry "POL"]

1. e4 e5 2. Nf3 Nc6 3. Bc4 Nf6 4. d4 exd4 5. 0-0 Be7 6. e5 Ne4 7. Re1 d5 8. exd6 Nxd6 9. Bd5 Nf5 10. Bxc6+ bxc6 11. g4 Nh6 12. Bg5 Be6 13. Bxe7 Qxe7 14. Nxd4 Rd8 15. c3 0-0 16. h3 Qd6 17. Qe2 Rde8 18. Nd2 c5 19. Ne4 Qb6 20. Nxe6 Rxe6 21. Qd2 Kh8 22. Ng3 Rd6 23. Qe2 Ng8 24. Nf5 Re6 25. Qc4 Rfe8 26. Red1 Ne7 27. Nxe7 R6xe7 28. b3 h5 29. gxh5 Qf6 30. Qxc5 Re5 31. Qd4 Rg5+ 32. Kh2 Rf5 33. Qxf6 Rxf6 34. Rd2 Re5 35. Rad1 Rxh5 36. Re1 Rf3 37. Re8+ Kh7 38. c4 Rfxh3+ 39. Kg2 Rh2+ 40. Kf1 Kg6 41. Re7 Rc5 42. Kg1 Rhh5 43. Rdd7 Rhf5 44. Rxc7 Rxc7 45. Rxc7 Ra5 46. a4 Kf6 47. c5 Ke6 48. c6 g5 49. Rb7 Kd6 50. c7 Kd7 51. c8Q+ Kxc8 52. Rxf7 Ra6 53. Rg7 Rb6 54. Rxa7 Rxb3 55. Rg7 Ra3 56. Rxg5 Rxa4 57. Rd5 Kc7 58. Kg2 Kc6 59. Rd3 Ra8 60. f4 Rg8+ 61. Kf3 Rf8 62. Kg4 Rg8+ 63. Kh5 Rf8 64. Kg5 Rg8+ 65. Kf5 Rf8+ 66. Ke4 Re8+ 67. Kf3 Rf8 68. Rd2 Kc7 69. Kg4 Rg8+ 70. Kh5 Rf8 71. Kg5 Rg8+ 72. Kh6 Rf8 73. Rd4 Rh8+ 74. Kg7 Rh1 75. f5 Rg1+ 76. Kf7 Rf1 77. f6 Re1 78. Kg7 Rg1+ 79. Kf8 Rf1 80. f7 Rf2 81. Rg4 Kd7 82. Kg7 Ke7 83. f8Q+ 1-0

[Event "Lazy Baltic Pearl op-A 20th"]
[Site "Lazy"]
[Date "2024.07.01"]
[Round "8"]
[White "Czaja, Wiktor"]
[Black "Pyrzewski, Kamil"]
[Result "1-0"]
[WhiteElo "1843"]
[BlackElo "1744"]
[PlyCount "79"]
[EventDate "2024.06.24"]
[EventType "swiss"]
[EventRounds "9"]
[EventCountry "POL"]
[SourceTitle "CBM 220 Extra"]
[Source "ChessBase"]
[SourceDate "2024.07.31"]
[SourceVersion "1"]
[SourceVersionDate "2024.07.31"]
[SourceQuality "1"]

1. g3 d5 2. Nf3 Nf6 3. Bg2 c5 4. 0-0 Nc6 5. d3 e5 6. e4 d4 7. h3 h6 8. Nh2 Bd6 9. f4 Bd7 10. Nd2 Qc8 11. f5 Qc7 12. c3 0-0-0 13. Nc4 b5 14. Nxd6+ Qxd6 15. a4 b4 16. cxb4 Nxb4 17. Qb3 a5 18. Bd2 Rhf8 19. Rfc1 Kb7 20. Nf3 Rc8 21. Bf4 Rfe8 22. Bd2 Re7 23. Rc4 Bc6 24. Rac1 Nxe4 25. dxe4 Bxe4 26. Nh4 Bxg2 27. Nxg2 e4 28. Bxb4 axb4 29. Rxc5 Rxc5 30. Qxb4+ Qb6 31. Qxc5 d3 32. Ne3 Rd7 33. Qxb6+ Kxb6 34. Kf2 Rd4 35. Rc4 Rd8 36. Rxe4 d2 37. Ke2 Kc6 38. Rc4+ Kb6 39. Rc2 Rd4 40. b3 1-0

[Event "Lazy Baltic Pearl op-A 20th"]
[Site "Lazy"]
[Date "2024.06.29"]
[Round "6"]
[White "Haladaj, Adam1"]
[Black "Pyrzewski, Kamil"]
[Result "1-0"]
[WhiteElo "1873"]
[BlackElo "1744"]
[PlyCount "111"]
[EventDate "2024.06.24"]
[EventType "swiss"]
[EventRounds "9"]
[EventCountry "POL"]
[SourceTitle "CBM 220 Extra"]
[Source "ChessBase"]
[SourceDate "2024.07.31"]
[SourceVersion "1"]
[SourceVersionDate "2024.07.31"]
[SourceQuality "1"]

1. Nf3 d5 2. g3 Nf6 3. Bg2 e6 4. 0-0 Nbd7 5. d4 Be7 6. c4 c6 7. Nc3 0-0 8. Bf4 b6 9. Re1 Bb7 10. cxd5 Nxd5 11. Bd2 c5 12. Nxd5 exd5 13. Bc3 Nf6 14. dxc5 bxc5 15. Bxf6 Bxf6 16. Qc2 Qb6 17. Rab1 Rac8 18. Nd2 c4 19. e4 Bd4 20. Nf1 Rfe8 21. exd5 Rxe1 22. Rxe1 Qxb2 23. Qxb2 Bxb2 24. d6 Bxg2 25. d7 Rf8 26. Re8 Bf6 27. Kxg2 Bd8 28. Kf3 f5 29. Ne3 c3 30. Ke2 Kf7 31. Nxf5 Bc7 32. Kd3 g6 33. Nd6+ Kg7 34. f4 Ba5 35. Nb7 Rf7 36. Nxa5 Rxd7+ 37. Kxc3 Rc7+ 38. Nc4 Kf6 39. Re5 Rd7 40. a4 Rd1 41. Nd2 Rh1 42. Ne4+ Kf7 43. h4 Rd1 44. Kb4 Rd7 45. Kb5 Kg7 46. a5 Kh6 47. Ka6 Rg7 48. Nd6 Rc7 49. Ne4 g5 50. fxg5+ Kh5 51. Nf6+ Kg6 52. Rd5 h5 53. Rd7 Rc1 54. Kxa7 Rf1 55. a6 Rf5 56. Rb7 1-0

[Event "Lazy Baltic Pearl op-A 20th"]
[Site "Lazy"]
[Date "2024.06.27"]
[Round "4"]
[White "Hury, Tymoteusz"]
[Black "Pyrzewski, Kamil"]
[Result "1-0"]
[WhiteElo "1970"]
[BlackElo "1744"]
[PlyCount "157"]
[EventDate "2024.06.24"]
[EventType "swiss"]
[EventRounds "9"]
[EventCountry "POL"]
[SourceTitle "CBM 220 Extra"]
[Source "ChessBase"]
[SourceDate "2024.07.31"]
[SourceVersion "1"]
[SourceVersionDate "2024.07.31"]
[SourceQuality "1"]

1. e4 e5 2. Nf3 Nc6 3. Bc4 Nf6 4. d3 Be7 5. c3 d6 6. 0-0 0-0 7. a4 Na5 8. Ba2 c5 9. b4 Nc6 10. b5 Nb8 11. Nbd2 Bg4 12. h3 Bh5 13. Bb2 Nbd7 14. Bb3 a6 15. Qe2 Qc7 16. Rfe1 Bg6 17. Nc4 axb5 18. axb5 Rxa1 19. Rxa1 Nh5 20. g3 Kh8 21. Ne3 Nb6 22. Kh2 Qd7 23. d4 exd4 24. cxd4 Bxe4 25. dxc5 Nc8 26. Rd1 Bxf3 27. Qxf3 Qxb5 28. Nc4 dxc5 29. Ne5 Nf6 30. Qc3 Nd6 31. g4 Qe2 32. Rd2 Qe4 33. Qg3 h6 34. Bc2 Qe1 35. Qd3 Nde4 36. Re2 Qb4 37. Ba3 Qc3 38. Rxe4 Qxd3 39. Bxd3 Nxe4 40. Bxe4 Bd6 41. f4 Bxe5 42. fxe5 b6 43. Kg3 Rc8 44. Kf3 b5 45. Bd5 Rc7 46. Ke4 b4 47. Bc1 c4 48. Kd4 c3 49. Bb3 g5 50. Kd3 Kg7 51. Be3 Kf8 52. Bb6 Rd7+ 53. Kc4 Rd2 54. Bc5+ Kg8 55. Bxb4 Rh2 56. Bxc3 Rxh3 57. Kd4 Rf3 58. Bd1 Rf4+ 59. Kd3 Rf2 60. Bd2 Rh2 61. Bf3 Rh3 62. Ke2 Kf8 63. Bb4+ Kg8 64. Be1 Kf8 65. Kf2 Rh2+ 66. Bg2 h5 67. Kg1 Rxg2+ 68. Kxg2 hxg4 69. Kg3 Ke7 70. Bc3 Ke6 71. Kxg4 f5+ 72. Kxg5 f4 73. Kxf4 Ke7 74. Kf5 Kf7 75. e6+ Ke8 76. Bb4 Kd8 77. Kf6 Ke8 78. Ba3 Kd8 79. Kf7 1-0